000
00333nam a2200145Ia 4500
003
Ost
005
20260225132554.0
008
260225s9999||||xx |||||||||||||| ||und||
040
_c
fsic
041
_a
fre
082
_a
440
245
0
_a
Les Cahiers du journalisme :
245
0
_b
fait divers faits de société /
942
_c
كتاب
999
_c
34339
_d
34339